00503nam a2200157Ia 450000500170000000800410001704000190005804100120007708200150008910000250010424501340012926000390026330000180030265000150032085000100033520221031110047.0131103s9999 xx 000 0 und d aLoreto College aEnglish a111.1bNIE aNietzsche, 1844-1900 4aThe Philosophy of Nietzscheb thus spake zarathra, beyond good and evil, the genealogy of morals, ecce homo and birth of tragedy  aNew YorkbThe Modern Libraryc1954 axxxiii,1088p  aPhilosophy aLCLIB